Racism and sexism : an integrated study /

Bibliographic Details
Format: Book
Language:English
Published: New York : St Martin's Press, 1988.
Subjects:

MARC

Tag First Indicator Second Indicator Subfields
LEADER 00000cam a2200000 a 4500
001 in00001174721
005 20151001084614.0
008 870701s1988 nyu b 000 0 eng
010 |a  87016686  
020 |a 0312003129 (pbk.) 
020 |a 0312012179 (hard) :  |c $30.00 (est.) 
035 |a (OCoLC)16227633 
035 |9 AGF8139AM 
040 |a DLC  |c DLC  |d TXA  |d UtOrBLW 
043 |a n-us--- 
049 |a TXAM 
050 0 0 |a HT1521  |b .R335 1988 
082 0 |a 305.8  |2 19 
090 |a HT1521  |b .R337 1988 
245 0 0 |a Racism and sexism :  |b an integrated study /  |c PaulaS. Rothenberg. 
264 1 |a New York :  |b St Martin's Press,  |c 1988. 
300 |a xi, 404 pages :  |b illustrations ;  |c 24 cm. 
336 |a text  |b txt  |2 rdacontent 
337 |a unmediated  |b n  |2 rdamedia 
338 |a volume  |b nc  |2 rdacarrier 
504 |a Includes bibliographical references. 
536 |a Dr. Paul P. Van Riper collection, Department of Political Science. 
650 0 |a Racism. 
650 0 |a Sexism. 
651 0 |a United States  |x Race relations. 
650 0 |a Sex discrimination against women  |z United States. 
650 0 |a Social classes  |z United States. 
999 |a MARS 
999 f f |s 183a64c0-9841-3fe0-bbb0-ff0bb69579d6  |i 0480b97e-aeb1-3fae-8d7a-80f51bcb5b50  |t 0 
952 f f |p ric  |a Texas A&M University  |b Rellis Campus  |c Joint Library Facility  |d Remote Storage  |t 0  |e HT1521 .R337 1988  |h Library of Congress classification  |i unmediated -- volume  |m A14821168226 
998 f f |a HT1521 .R337 1988  |t 0  |l Remote Storage